LEADER 01391nam--2200457---450- 001 990003674220203316 005 20120628124445.0 010 $a978-88-07-82249-0 035 $a000367422 035 $aUSA01000367422 035 $a(ALEPH)000367422USA01 035 $a000367422 100 $a20120628d2012----km-y0itay50------ba 101 $aita 102 $aIT 105 $a||||||||001yy 200 1 $aInni alla notte$aCanti spirituali$fNovalis$gintroduzione di Susanna Mati 210 $aMilano$cFeltrinelli$d2012 215 $a174 p.$d20 cm 225 2 $aUniversale economica$v2249 300 $aTesto originale a fronte 410 0$aUniversale economica$v2249 454 1$12001$aHimnen an die Nacht$954092 454 1$12001$aGeistliche Lieder$914064 606 0 $2BNCF 676 $a831.6 700 1$aNOVALIS$f<1772-1801>$0164030 702 1$aMATI,$bSusanna 801 0$aIT$bsalbc$gISBD 912 $a990003674220203316 951 $aVII.2.A. 1154$b237001 L.M.$cVII.2.A.$d00312054 959 $aBK 969 $aUMA 979 $aCHIARA$b90$c20120628$lUSA01$h1239 979 $aCHIARA$b90$c20120628$lUSA01$h1239 979 $aCHIARA$b90$c20120628$lUSA01$h1240 979 $aCHIARA$b90$c20120628$lUSA01$h1243 979 $aCHIARA$b90$c20120628$lUSA01$h1244 996 $aHimnen an die Nacht$954092 996 $aGeistliche Lieder$914064 997 $aUNISA